000 00370nam a2200157Ia 4500
008 210716s2008 xx 000 0 und d
020 _a9788174466310
041 _aeng
082 _a658.8 NAYA
100 _aNayak, Atul.
245 _aFundamentals of marketing.
250 _a1
260 _aNew Delhi
_bExcel Books
_c2008
300 _ax,258
650 _aMarketing
999 _c203231
_d203231